Lineamientos para la formulación de escenarios del mercado de carne vacuna en la argentina
Guardado en:
| Formato: | Libro |
|---|---|
| Publicado: |
Buenos Aires :
Instituto de Promoción de la Carne Vacuna Argentina (ipcva),
2005
|
| Materias: | |
| Etiquetas: |
Agregar Etiqueta
Sin Etiquetas, Sea el primero en etiquetar este registro!
|
| LEADER | 00822nam a22002055a 4500 | ||
|---|---|---|---|
| 001 | CEM.cems012415 | ||
| 005 | 20070418140730.0 | ||
| 008 | 130507s2005##################000#0#####d | ||
| 003 | CEMS | ||
| 020 | |a 9872228000 | ||
| 082 | 0 | 4 | |a 338.476649 |
| 245 | 0 | 0 | |a Lineamientos para la formulación de escenarios del mercado de carne vacuna en la argentina |
| 260 | |a Buenos Aires : |b Instituto de Promoción de la Carne Vacuna Argentina (ipcva), |c 2005 | ||
| 300 | |a 144 p. | ||
| 504 | |a Referencias bibliográficas p. 141-143 | ||
| 505 | 0 | |a Situación del Mercado de Carne Vacuna -- Perspectiva desde la oferta -- Perspectiva desde la demanda -- El comportamiento de los precios | |
| 653 | |a Mercado | ||
| 653 | |a Mercado-carne vacuna | ||
| 653 | |a Mercado-argentina | ||
| 859 | |a CEMS |b BIB. CEMS - 11 de abril |h 338.476649 |i L645 |p 23246.05 |t Ej.1 | ||
